000 00273 a2200109 4500
000 nam a22 7a 4500
005 20260220110305.0
100 _aKumar, Vikramendra
245 _aCaste and Class Ideology in Contemporary India
260 _bRawat
_c2025
942 _cTEXL
999 _c1680081
_d1680081